000 00744nam a2200217Ia 4500
008 0000001992 sp a 0000000000spa00
020 _a8460410188
090 _aPSP00 F71f2
100 1 _aFragodo
_d1948
245 1 0 _aFradogo
_b: one man show
_c/ fotografías Toni Bofill ; traducción John Martin
300 _a[12] p.
_c/ 32 cm.
500 _aCon el patronazgo del maestro venezolano Jesús Rafael Soto (q.e.p.d.)
600 0 0 _aFRADOGO, 1948/
_xTRABAJOS PICTORICOS
650 1 4 _aARTE CONTEMPORANEO ESPAÑOL
650 1 4 _xCATALOGOS
650 1 4 _xEXPOSICIONES
650 1 4 _aPINTORES ESPAÑOLES
650 1 4 _aPINTURA ESPAÑOLA
700 1 _aBofill, Toni \ Martin, John, tr.
999 _c5515
_d5515
260 _aBarcelona : Lemia Art
_c1992